• 首页
  • 本馆介绍
  • 公告通知
  • 最新文献
  • 馆藏检索
  • 电子资源
  • 读者荐购
  • 参考咨询
  • CALIS
  • 我的图书馆
  • 登录
  • 详细信息显示
  • 放入我的书架
  • 预约/预借图书
  • 作者相关作品
  • 分类相关作品
  • 丛书相关作品
  • 出版社相关作品

书目信息

  • 表格格式
  • 工作单格式
  • 卡片格式
题名:
土地保护学
    
 
作者: 张凤荣 主编
分册:  
出版信息: 北京   科学出版社  2006.10
页数: 14, 352页
开本: 26cm
丛书名: 土地科学丛书
单 册:
中图分类: F301
科图分类:
主题词: 土地资源--tu di zi yuan--资源保护
电子资源:
ISBN: 7-03-017821-1
 
 
 
 
 
000 01005nam 2200277 450
001 012007464186
005 20070516085811.10
010    @a7-03-017821-1@dCNY49.00
100    @a20070114d2006 km y0chiy0120 ea
101 0  @achi
102    @aCN@b110000
105    @aa z 000yy
200 1  @a土地保护学@Atu di bao hu xue@f张凤荣主编@Fzhang feng rong zhu bian
210    @a北京@c科学出版社@d2006.10
215    @a14, 352页@c图@d26cm
225 2  @a土地科学丛书@Atu di ke xue cong shu
300    @a中国土地学会土地科学专项基金资助
312    @a英文并列题名取自封面
330    @a本书详细分析了水蚀、沙漠化、次生盐渍化、土壤贫瘠化、物理性质恶化和污染等各种形式的土地退化的自然与人为影响因素的作用机理、土地退化过程、土地退化的结果及其生态环境效应等。
410  0 @12001 @a土地科学丛书
510 1  @aLand resources conservation@zeng
606 0  @a土地资源@Atu di zi yuan@x资源保护
690    @aF301@v4
701  0 @a张凤荣@Azhang feng rong@4主编
801  0 @aCN@c20070516
905    @a10447@dF301@eZ105
    
    土地保护学/张凤荣主编.-北京:科学出版社,2006.10
    14, 352页:图;26cm.-(土地科学丛书)
    中国土地学会土地科学专项基金资助
    
    ISBN 7-03-017821-1:CNY49.00
    本书详细分析了水蚀、沙漠化、次生盐渍化、土壤贫瘠化、物理性质恶化和污染等各种形式的土地退化的自然与人为影响因素的作用机理、土地退化过程、土地退化的结果及其生态环境效应等。
●
相关链接 在E读中查询图书 在当当中查询图书 在豆瓣中查询图书


正题名:土地保护学     索取号:F301/Z105         预约/预借

序号 登录号 条形码 馆藏地/架位号 状态 备注
1 234892   202348922   社科二线422/409社科库 32排3列3层/ [索取号:F301/Z105] 在馆    
2 234893   202348931   社科二线422/409社科库 32排3列3层/ [索取号:F301/Z105] 在馆    
3 234894   202348940   社科库409/409社科库 32排3列3层/ [索取号:F301/Z105] 在馆    
河南城建学院图书馆 欢迎您!
大连网信软件有限公司© 版权所有